Science Quiz

Random Science or Animal Quiz

Reptiles of North America Quiz Stats

 Plays Quiz Updated Aug 13, 2017

Support Sporcle.
Go Orange.
Score 0/20 Timer 10:00
0 Plays Today
% Correct
Texas Horned Lizard
86.6%
Morelet's Crocodile
84.4%
Painted Turtle
82.9%
Alligator Snapping Turtle
81.9%
Black Iguana
76.3%
American Alligator
75.3%
Green Anole
75.3%
Gila Monster*
74.8%
Texas Coral Snake*
73.1%
Mexican Mole Lizard
72.6%
% Correct
Rubber Boa
71.3%
Black-knobbed Map Turtle
69.5%
Sidewinder*
67.2%
Plumed Basilisk
65%
Scarlet Kingsnake
62.9%
Coast Garter Snake
62.6%
Eastern Spiny Softshell Turtle
60.5%
Copperhead*
59.1%
Watermoccasin*
58%
Northern Alligator Lizard
55.3%

From the Vault

Closest Countries to Easter Island

by Balaitous

Sadly, they don't host Easter egg hunts on the island year-round.
Remove Ads.
Support Sporcle.
Get the best of Sporcle when you Go Orange. This ad-free experience offers more features, more stats, and more fun while also helping to support Sporcle. Thank you for becoming a member.

Show Comments

Extras

Top Quizzes Today


Score Distribution

Your Account Isn't Verified!

In order to create a playlist on Sporcle, you need to verify the email address you used during registration. Go to your Sporcle Settings to finish the process.

Report this User

Report this user for behavior that violates our Community Guidelines.

Details: